| 000 | 00662nam a2200217 a 4500 | ||
|---|---|---|---|
| 999 |
_c5879 _d5879 |
||
| 001 | 5879 | ||
| 003 | BD-JhCC | ||
| 005 | 20221124134023.0 | ||
| 008 | 171228s2016 bg |||| || | 000 0 ben d | ||
| 035 | _a(BD-JhCC)5879 | ||
| 040 |
_aBD-JhCC _dBD-JhCC |
||
| 041 | _aben | ||
| 082 |
_a891.4435 _bKAB 2016 |
||
| 100 | _aকবীর, ইকরাম | ||
| 245 |
_aএক দুষ্টু ক্যাডেটের গল্প / _cইকরাম কবীর, |
||
| 260 |
_aঢাকা : _bঅণ্বেষা প্রকাশনী, _c2016. |
||
| 300 |
_a85 p. : _c22 cm. |
||
| 650 | _aBengali Short Stories | ||
| 942 |
_2ddc _cBK _036 |
||